| 000 | 00537 a2200205 4500 | ||
|---|---|---|---|
| 005 | 20260424160619.0 | ||
| 008 | 260424b |||||||| |||| 00| 0 eng d | ||
| 020 |
_a9789391542511 _cRs, 1250.00 |
||
| 040 | _aMAIN | ||
| 082 |
_a954.02 _bK128S |
||
| 100 | _aKamble, Ramesh | ||
| 245 | _aSocio econimic and cultural history of ancient India | ||
| 260 |
_bCurrent Publications _aAgra _c2026 |
||
| 300 | _a338 | ||
| 650 | _aHistory | ||
| 650 | _aIndia- History | ||
| 650 | _aMedieval India | ||
| 700 | _aMujavar, M S | ||
| 942 | _cBK | ||
| 999 |
_c394719 _d394719 |
||